| 000 | 01859cam a22004334a 4500 | ||
|---|---|---|---|
| 001 | muse28284 | ||
| 003 | MdBmJHUP | ||
| 005 | 20210127151024.0 | ||
| 006 | m o d | ||
| 007 | cr||||||||nn|n | ||
| 008 | 130920r20132012quc o 00 0 fre d | ||
| 020 | _a9782760535374 | ||
| 035 | _a(OCoLC)868219121 | ||
| 040 |
_aMdBmJHUP _cMdBmJHUP |
||
| 050 | 4 |
_aN72.T4 _bL232 2012 |
|
| 082 | 0 |
_a700.1/05 _222 |
|
| 100 | 1 |
_aLalonde, Joanne, _d1960- _eauthor. |
|
| 245 | 1 | 0 |
_aAbécédaire du Web _b26 concepts pour comprendre la création sur Internet / _cJoanne Lalonde. |
| 264 | 1 | _bProject Muse, | |
| 264 | 3 | _bProject MUSE, | |
| 300 | _a1 online resource (135 pages.) | ||
| 500 | _aIssued as part of book collections on Project MUSE. | ||
| 506 | 0 |
_aOpen Access _fUnrestricted online access _2star |
|
| 520 | _a"Ce livre presente un repertoire de vingt-six concepts qui decrivent de mani·re synthetique les enjeux theoriques et critiques autour de la creation hypermediatique, plus specifiquement les oeuvres artistiques et litteraires conʹues pour une diffusion sur Internet. Il accompagne une exposition virtuelle du même nom, produite et diffusee par le Laboratoire NT2 de l'UQAM." | ||
| 588 | _aDescription based on print version record. | ||
| 650 | 0 | _aDigital art. | |
| 650 | 0 | _aArt and technology. | |
| 655 | 0 | _aElectronic books. | |
| 655 | 7 |
_aElectronic books. _2local |
|
| 710 | 2 |
_aProject Muse, _edistributor. |
|
| 710 | 2 |
_aProject Muse. _edistributor |
|
| 830 | 0 | _aBook collections on Project MUSE. | |
| 856 | 4 | 0 |
_zFull text available: _uhttps://muse.jhu.edu/book/23221/ |
| 945 | _aProject MUSE - 2012 Complete Supplement II | ||
| 999 |
_c24335 _d24335 |
||